00632nam a2200205 a 4500001001300000003000900013005001700022008004100039020002300080082001300103100001800116245003300134260003900167300000900206500003500215505001000250505012500260650002300385700001800408nice12345678IN_TiNIC20260116012306.0050524s1987 dela grp 000 0 eng  a812088X c10000a109bPLO aPlott, John C aGlobal History of Philosophy aDelhi bMotilal Banarsidass c1987 a240p aincludes index and biblioraphy2 aIndex2 aIndex00gV1.tAxial Age.--gV2.tHan-Hellenistic-bactrian Period.--gV3.tPatristic-Sutra Priod.--gV4.tPeriod of Schol aPhilosophy-History1 aPlott, John C